Szczegóły MARC21

La traduction aujourd'hui : le modèle interprétatif /

003 -Nazwa inst., której nr kontr. jest w polu 001 [,]
    • @
    • Nazwa instytucji, której n kontrolny jest w polu 001
    • NUKAT
005 -DATA I CZAS OSTATNIEJ MODYFIKACJI [,]
    • @
    • pole kontrolne
    • 20241231093543.0
020 -Międzynarod. znormalizowany nr książki - ISBN [ , ]
    • a
    • Numer ISBN
    • 2011550009 Find
040 -Instytucja sporządzająca opis [ , ]
    • a
    • Instytucja, która sporządziła opis (NP)
    • WA U/58MCS
    • c
    • Instytucja, która sporządziła rekord (NP)
    • WA U/MCS
    • d
    • Instytucja, która zmodyfikowała rekord (P)
    • WA U/MCS
    • d
    • Instytucja, która zmodyfikowała rekord (P)
    • TOR U/dgd
    • d
    • Instytucja, która zmodyfikowała rekord (P)
    • KR 119/ms
041 -Język dokumentu [0, ]
    • a
    • Język tekstu (P)
    • francuski
    • a
    • Język tekstu (P)
    • angielski
    • a
    • Język tekstu (P)
    • niemiecki
942 -Rodzaj dokumentu [ , ]
    • c
    • Rodzaj dokumentu
    • Książka
100 -Hasło główne - nazwa osobowa [1, ]
    • a
    • Nazwa osobowa (NP)
    • Lederer, Marianne.
    • 9
    • KHW
    • 647376
240 -Tytuł ujednolicony [1,0]
    • a
    • Tytuł ujednolicony
    • Traduction aujourd'hui
    • l
    • Język tekstu
    • (fr.)
    • 9
    • KHW
    • 647378
245 -Strefa tytułu i oznaczenia odpowiedzialności [1,3]
    • a
    • Tytuł
    • La traduction aujourd'hui : Find
    • b
    • Ciąg dalszy tytułu (NP)
    • le modèle interprétatif / Find
    • c
    • Pozostałe elementy strefy tytułu i oznaczenia odpowiedzialności (NP)
    • Marianne Lederer.
260 -Strefa adresu wydawniczego [ , ]
    • a
    • Miejsce wydania (P)
    • Vanves :
    • b
    • Nazwa wydawcy (P)
    • Hachette F.L.E.,
    • c
    • Data wydania (P)
    • 1994.
300 -Strefa opisu fizycznego [ , ]
    • a
    • Określenie formy książki i/lub objętość (NP)
    • 223, [1] s. ;
    • c
    • Format (NP)
    • 21 cm.
336 -Typ zawartości [ , ]
    • a
    • Termin opisujący typ zawartości
    • Tekst
    • b
    • Kod określający zawartość
    • txt
    • 2
    • Źródło (terminu i kodu)
    • rdacontent
337 -Typ mediów [ , ]
    • a
    • Tryb odtwarzania
    • Bez urządzenia pośredniczącego
    • b
    • Kod typu mediów
    • n
    • 2
    • Źródło (terminu i kodu)
    • rdamedia
338 -Typ/rodzaj nośnika [ , ]
    • a
    • Hasło opisujące typ nośnika
    • Wolumin
    • b
    • Kod typu nośnika
    • nc
    • 2
    • Źródło (terminu i kodu)
    • rdacarrier
490 -Strefa serii i książki wielotomowej - forma nie do wyszukiwania [1, ]
    • a
    • Tytuł (P)
    • F. Références, Find
    • x
    • ISSN (NP)
    • 1283-0348
830 -Hasło dodatkowe serii i opisu książki wielotomowej - tytuł ujednolicony/tytuł [ ,0]
    • a
    • Tytuł ujednolicony/tytuł (NP)
    • F.
    • p
    • Nazwa części/podserii/sekcji (P)
    • Références
    • x
    • ISSN
    • 1283-0348
    • 9
    • KHW
    • 507418
504 -Uwaga dot. bibliogr. załącznikowej [ , ]
    • a
    • Uwaga dot. bibliografii załącznikowej
    • Bibliogr. s. 219-223. Indeks.
546 -Uwaga dot. języka [ , ]
    • a
    • Uwaga dot. języka
    • Przykłady ang. i niem.
080 -Uniwersalna Klasyfikacja Dziesiętna [ , ]
    • a
    • Symbol klasyfikacji
    • 82.03=40
080 -Uniwersalna Klasyfikacja Dziesiętna [ , ]
    • a
    • Symbol klasyfikacji
    • +82.08=40
650 -Hasło przedmiotowe [ ,7]
    • a
    • Hasło przedmiotowe
    • Tłumaczenie.
    • 2
    • Źródło terminu
    • kaba
    • 9
    • KHW
    • 134191
980 -Symbol UKD [ , ]
    • a
    • UKD
    • 82.03+82.08]=40
710 -Hasło dodatkowe - nazwa ciała zbiorowego [2, ]
    • a
    • Nazwa ciała zbiorowego lub nazwa geograficzna jako pierwszy element (NP)
    • Hachette (Paryż).
    • 4
    • Kod relacji
    • pbl
    • 9
    • KHW
    • 78221
920 -ISBN [ , ]
    • a
    • ISBN
    • 2-01-155000-9 Find
Numer inwentarzowy Data inwentaryzacji Status udost. Sygnatura Lokalizacja
A.67292002-10-141FR. Translatoryka 07BM